MARC details
| 000 -CABECERA |
| campo de control de longitud fija |
00933nam a2200229 a 4500 |
| 005 - FECHA Y HORA DE LA ÚLTIMA TRANSACCIÓN |
| campo de control |
20241109063730.0 |
| 008 - ELEMENTOS DE LONGITUD FIJA--INFORMACIÓN GENERAL |
| campo de control de longitud fija |
081109s2000 mx r 000 0 spa d |
| 020 ## - NÚMERO INTERNACIONAL NORMALIZADO PARA LIBROS |
| Número Internacional Estándar del Libro |
3900630143 |
| 035 ## - NÚMERO DE CONTROL DEL SISTEMA |
| Número de control de sistema |
UPN01000166503 |
| 049 ## - COLECCIÓN |
| Colección |
UNE |
| 080 ## - NÚMERO DE CLASIFICACIÓN DECIMAL UNIVERSAL |
| Número de la Clasificación Decimal Universal |
342.7 (07) (100) =20 "2000" KOE. |
| 100 1# - ASIENTO PRINCIPAL--NOMBRE PERSONAL |
| Nombre de persona |
Koenler, Werner |
| 245 10 - MENCIÓN DE TÍTULO |
| Título |
UNESCO chairs on human rights, democracy, peace and tolerance / |
| Mención de responsabilidad, etc. |
Werner Koehler. |
| 260 ## - PUBLICACIÓN, DISTRIBUCIÓN, ETC. |
| Lugar de publicación, distribución, etc. |
Austria : |
| Nombre del editor, distribuidor, etc. |
European University Center for Peace Studies, |
| Fecha de publicación, distribución, etc. |
2000. |
| 300 ## - DESCRIPCIÓN FÍSICA |
| Extensión |
255 p. ; |
| Otras características físicas |
il. |
| 500 ## - NOTA GENERAL |
| Nota general |
UNESCO chairs on human rights, democracy, peace and tolerance, bulletin No. 2, november 2000. Dedicated to the Internationl Year of Mobilization Against Racism, Racial Discrimination, Xenophobia and Related Intolerance, 2001 |
| 690 ## - PUNTO DE ACCESO ADICIONAL DE MATERIA LOCAL--TÉRMINO DE MATERIA (OCLC, RLIN) |
| Término de materia o nombre geográfico como elemento inicial |
Educación para los derechos humanos |
| 690 ## - PUNTO DE ACCESO ADICIONAL DE MATERIA LOCAL--TÉRMINO DE MATERIA (OCLC, RLIN) |
| Término de materia o nombre geográfico como elemento inicial |
Educación para la paz |
| 690 ## - PUNTO DE ACCESO ADICIONAL DE MATERIA LOCAL--TÉRMINO DE MATERIA (OCLC, RLIN) |
| Término de materia o nombre geográfico como elemento inicial |
Derechos humanos |
| 9 (RLIN) |
5797 |
| 690 ## - PUNTO DE ACCESO ADICIONAL DE MATERIA LOCAL--TÉRMINO DE MATERIA (OCLC, RLIN) |
| Término de materia o nombre geográfico como elemento inicial |
Tolerancia |
| 9 (RLIN) |
1399 |
| 905 ## - TIPO DE MATERIAL |
| Tipo de material |
UNESCO |